| 000 | 01304cam a2200325I 4500 | ||
|---|---|---|---|
| 001 | 4612021 | ||
| 003 | ARRUPE | ||
| 005 | 20140923115725.0 | ||
| 008 | 750730s1938 enk 000 0 eng d | ||
| 035 | _a(OCoLC)ocm01491705 | ||
| 035 | _a(NNC)4612021 | ||
| 040 |
_aTOL _cTOL _dLFM _dOCL |
||
| 098 | _aQM2 | ||
| 100 | 1 |
_aMetz, Rudolf, _d1891- _911481 |
|
| 245 | 1 | 2 |
_aA hundred years of British philosophy, _cby Dr. Rudolph Metz; translated by Professor J. W. Harvey...Professor T. E. Jessop...Henry Sturt...edited by J. H. Muirhead... |
| 260 |
_aLondon, _bG. Allen & Unwin ltd.; _aNew York _bThe Macmillan company _c[1938] |
||
| 300 |
_a828 p. _c23 cm. |
||
| 490 | 1 | _aLibrary of philosophy; general editor: J. H. Muirhead | |
| 504 | _aIncludes bibliographies. | ||
| 650 | 0 |
_aPhilosophy, British. _911482 |
|
| 650 | 0 |
_aPhilosophy _zGreat Britain _xHistory. _911483 |
|
| 650 | 0 |
_aPhilosophers _zGreat Britain. _911484 |
|
| 700 | 1 |
_aMuirhead, John H. _q(John Henry), _d1855-1940, _eeditor. _911485 |
|
| 700 | 1 |
_aHarvey, John W. _q(John Wilfred), _d1889-, _etranslator. _911486 |
|
| 700 | 1 |
_aJessop, T. E. _q(Thomas Edmund), _d1896-1980, _etranslator. _911487 |
|
| 700 | 1 |
_aSturt, Henry, _d1863-1946, _etranslator. _911488 |
|
| 830 | 0 |
_aLibrary of philosophy. _911489 |
|
| 942 |
_2lcc _cMONOGRAPH |
||
| 999 |
_c120906 _d120906 |
||